Statistiques concernant Les plus grands déserts du monde

Cliquez ici pour prendre le quiz!

Statistiques générales

  • Ce quiz a été pris 70 fois
  • Le résultat moyen est 4 sur 22

Statistiques - réponses

HintRéponse% Correct
9 065 000Sahara
100%
1 300 000Désert de Gobi
75%
14 000 000Antarctique
48%
900 000Désert du Kalahari
44%
13 700 000Arctique
41%
104 000Atacama
33%
673 000Patagonie
8%
2 331 000Désert d'Arabie
6%
270 000Désert du Taklamakan
3%
492 000Grand Bassin
3%
450 000Désert de Chihuahua
2%
135 000Désert de Namib
2%
310 000Désert de Sonora
2%
520 000Désert de Syrie
2%
400 000Grand Désert de Sable
2%
424 000Grand Désert de Victoria
2%
300 000Kyzyl Kum
2%
337 000Plateau du Colorado
2%
155 000Désert de Gibson
0%
145 000Désert de Simpson
0%
350 000Désert du Karakoum
0%
200 000Désert du Tahr
0%

Distribution des résultats

Percentile par nombre de réponses

% des personnes avec chaque résultat

Votre développement - résultats

Vous n’avez pas pris ce quiz